Presencia italiana en Chile
Guardat en:
| Altres autors: | |
|---|---|
| Format: | Llibre |
| Idioma: | espanyol |
| Publicat: |
Valparaíso
Universitarias de Valparaíso
1993
|
| Edició: | Primera edición |
| Col·lecció: | Serie Monografías Históricas,
7 |
| Matèries: | |
| Etiquetes: |
Afegir etiqueta
Sense etiquetes, Sigues el primer a etiquetar aquest registre!
|
MARC
| LEADER | 00000cam a2200000 a 4500 | ||
|---|---|---|---|
| 001 | UCY0674 | ||
| 003 | CL-VaPUC | ||
| 005 | 20231205165428.0 | ||
| 008 | 940810e19930000CL |||||||||||||||||spa|d | ||
| 999 | |c 229616 |d 229614 | ||
| 040 | |c Pontificia Universidad Católica de Valparaíso | ||
| 082 | 0 | 4 | |a 983 EST 1993 |2 21 |
| 100 | 1 | |a Estrada Turra, Baldomero |e editor |9 886382 | |
| 245 | 1 | 0 | |a Presencia italiana en Chile |
| 250 | |a Primera edición | ||
| 260 | |a Valparaíso |b Universitarias de Valparaíso |c 1993 | ||
| 300 | |a 227 páginas | ||
| 490 | 0 | |a Serie Monografías Históricas, |v 7 | |
| 583 | |a last modification |c 20130402 01:45:56 |k Rodrigo Vera | ||
| 650 | 7 | |a ITALIANOS |2 CL-VaPUC |9 318437 |x HISTORIA DE CHILE | |
| 650 | 0 | |a Emigración e inmigración |z ITALIA |z CHILE |9 257711 | |
| 650 | 7 | |a COLONIAS EXTRANJERAS |2 CL-VaPUC |9 328458 |x ITALIANOS |z CHILE | |
| 650 | 0 | |a Académicos |x Pontificia Universidad Católica de Valparaíso (PUCV) |9 255553 | |
| 852 | |a BIBCUR | ||
| 942 | |c BK |2 ddc | ||
| 945 | |d 19940810 00:00:00 |a oaravena | ||
| 952 | |0 0 |1 0 |2 ddc |4 0 |6 983_000000000000000_EST_1993 |7 0 |8 A |9 230962 |a BIBHIS |b BIBHIS |d 2019-11-15 |i 300371K |o 983 EST 1993 |p 300371K |r 2025-01-20 |t 1 |w 2019-11-15 |y BK |k HIS | ||
| 952 | |0 0 |1 0 |2 ddc |4 0 |6 983_000000000000000_EST_1993 |7 0 |8 A |9 230963 |a BIBHIS |b BIBHIS |d 2019-11-15 |i 3003728 |l 1 |o 983 EST 1993 |p 3003728 |r 2025-01-20 |s 2025-01-08 |t 2 |w 2019-11-15 |y BK |k HIS | ||
| 952 | |0 0 |1 0 |2 ddc |4 0 |6 983_000000000000000_EST_1993 |7 0 |8 A |9 230964 |a BIBHIS |b BIBHIS |d 2019-11-15 |i 3003752 |o 983 EST 1993 |p 3003752 |r 2025-01-20 |t 3 |w 2019-11-15 |y BK |k HIS | ||
| 952 | |0 0 |1 0 |2 ddc |4 0 |6 983_000000000000000_EST_1993 |7 0 |8 A |9 230965 |a BIBHIS |b BIBHIS |d 2019-11-15 |i 3003760 |o 983 EST 1993 |p 3003760 |r 2025-01-20 |t 4 |w 2019-11-15 |y BK |k HIS | ||
| 952 | |0 0 |1 0 |2 ddc |4 0 |6 983_000000000000000_EST_1993 |7 0 |8 A |9 230966 |a BIBHIS |b BIBHIS |d 2019-11-15 |i 4159292 |l 1 |o 983 EST 1993 |p 4159292 |r 2025-01-20 |s 2023-08-10 |t 5 |w 2019-11-15 |y BK |k HIS | ||
| 952 | |0 0 |1 0 |2 ddc |4 0 |6 983_000000000000000_EST_1993 |7 0 |8 A |9 230967 |a BIBHIS |b BIBHIS |d 2019-11-15 |i 4314034 |o 983 EST 1993 |p 4314034 |r 2025-01-20 |t 6 |w 2019-11-15 |y BK |k HIS | ||
| 952 | |0 0 |1 0 |2 ddc |4 0 |6 983_000000000000000_EST_1993 |7 0 |8 X |9 230968 |a FDOBUD |b FDOBUD |d 2019-11-15 |i 1010662 |o 983 EST 1993 |p 1010662 |r 2019-11-15 |t 8 |w 2019-11-15 |y BK_X |k FHP | ||
| 952 | |0 0 |1 0 |2 ddc |4 0 |6 983_000000000000000_EST_1993 |7 0 |8 A |9 230969 |a BIBHIS |b BIBHIS |d 2019-11-15 |i 4960661 |l 4 |o 983 EST 1993 |p 4960661 |r 2025-01-20 |s 2024-03-18 |t 7 |w 2019-11-15 |y BK |k HIS | ||
| 952 | |0 0 |1 0 |2 ddc |3 erb |4 0 |6 983_000000000000000_EST_1993 |7 0 |8 A |9 230970 |a FDOHBE |b FDOHBE |e Huesbe Llanos, Marco Antonio, 1934- |i 5306531 |o 983 EST 1993 |p 5306531 |r 2024-01-30 |t 9 |w 2019-11-15 |y BK |z Catalogado en:20160708 |k HBE | ||